Drotárstvo I. diel
Saved in:
| Main Author: | |
|---|---|
| Format: | Book |
| Language: | Slovak |
| Published: |
Žilina :
PM,
1992
|
| Edition: | 1. vyd. |
| Subjects: | |
| Tags: |
No Tags, Be the first to tag this record!
|
MARC
| LEADER | 00000nam a22000003a 4500 | ||
|---|---|---|---|
| 001 | stu12313 | ||
| 005 | 20150617225802.2 | ||
| 008 | 951226s1992----cs------------------slo-d | ||
| 040 | |a STU |b slo | ||
| 041 | 0 | |a slo | |
| 044 | |a cs | ||
| 100 | 1 | |a Kekelyová, Katarína |4 aut | |
| 245 | 1 | |a Drotárstvo I. diel | |
| 250 | |a 1. vyd. | ||
| 260 | |a Žilina : |b PM, |c 1992 | ||
| 300 | |a 106 s | ||
| 650 | 7 | |a úžitkové umenie |2 stusub | |
| 650 | 7 | |a remeslá |2 stusub | |
| 996 | |b 284AB00062 |c A*0231 B |l AAKNAR |s A |a 24 |w stu12313_0001 | ||